[Event "XXXII C.to Italiano Seniores"]
[Site "Arvier ITA"]
[Date "2010.04.20"]
[Round "3"]
[White "Bisignano, Giuseppe"]
[Black "Maestri, Roberto"]
[Result "0-1"]
[WhiteElo "1942"]
[BlackElo "1630"]
[PlyCount "108"]
[EventDate "2010.04.18"]

1. e4 d6 2. d4 Nf6 3. Nc3 c6 4. Nf3 Bg4 5. Bc4 b5 6. Bd3 Nbd7 7. h3 Bh5 8. g4
Bg6 9. e5 Nd5 10. Nxd5 cxd5 11. e6 fxe6 12. Bxg6+ hxg6 13. Qd3 Nf6 14. Qxg6+
Kd7 15. Ng5 Qb6 16. Be3 Rh6 17. Qd3 Nxg4 18. O-O-O Nxe3 19. fxe3 a5 20. e4 dxe4
21. Qxe4 d5 22. Qg4 Rf6 23. Rhf1 Rc8 24. Nh7 Qc7 25. Nxf6+ gxf6 26. Rf2 Qc4 27.
Kb1 f5 28. Qg6 a4 29. Rd3 b4 30. Re2 Qa6 31. Rde3 Rc6 32. Re5 Qb6 33. Rd2 b3
34. cxb3 axb3 35. axb3 Qa5 36. Rc2 Ra6 37. Rc5 Qd2 38. Rcxd5+ Rd6 39. Rxd6+
exd6 40. Rb5 Qd3+ 41. Kc1 Qxb5 42. Kc2 Qe2+ 43. Kc3 Qe3+ 44. Kc2 Qxh3 45. Qg1
d5 46. Qf2 Qg4 47. Kb1 Bg7 48. Qf1 Qxd4 49. Qb5+ Ke7 50. Qb7+ Kf6 51. Qd7 Kg5
52. Qd8+ Kg4 53. Kc1 Qxb2+ 54. Kd1 Qxb3+ 0-1

[Event "XXXII C.to Italiano Seniores"]
[Site "Arvier ITA"]
[Date "2010.04.20"]
[Round "3"]
[White "Bogatto, Mario"]
[Black "Diena, Giovanni"]
[Result "0-1"]
[WhiteElo "1451"]
[BlackElo "1837"]
[PlyCount "110"]
[EventDate "2010.04.18"]

1. c4 Nf6 2. Nc3 g6 3. d4 Bg7 4. Nf3 O-O 5. e3 d6 6. Be2 Nbd7 7. O-O c5 8. d5
Nb6 9. Qc2 Qc7 10. e4 a6 11. b3 Re8 12. Bb2 e5 13. h3 Nh5 14. Bc1 f5 15. Nh2
Nf4 16. Bxf4 exf4 17. f3 Be5 18. Rab1 Qg7 19. Nd1 Nd7 20. Bd3 fxe4 21. Bxe4 Nf6
22. Re1 Nxe4 23. fxe4 Bd7 24. Nf3 h6 25. Nxe5 Rxe5 26. Qd3 Rf8 27. Rf1 Rg5 28.
Kh1 Rg3 29. Rf3 Qe5 30. Nf2 Qg5 31. Rxg3 fxg3 32. Ng4 Bxg4 33. Qxg3 Bc8 34.
Qxg5 hxg5 35. Kg1 Rf4 36. Re1 Kf7 37. g3 Rf3 38. Kg2 g4 39. h4 Kf6 40. Re2 Ke5
41. Re1 Kd4 42. Re2 Kd3 43. Re1 Kd2 44. Rb1 Kc2 45. Re1 Kb2 46. Re2+ Kb1 47. e5
dxe5 48. Rxe5 Kxa2 49. Rg5 Bf5 50. h5 gxh5 51. Rxh5 Kxb3 52. Rh8 Kxc4 53. d6
Rd3 54. Rf8 Rd2+ 55. Kg1 Be4 0-1

[Event "XXXII C.to Italiano Seniores"]
[Site "Arvier ITA"]
[Date "2010.04.20"]
[Round "3"]
[White "Bonino, Silvano"]
[Black "Neuhold, Piero"]
[Result "0-1"]
[WhiteElo "1428"]
[BlackElo "1557"]
[PlyCount "44"]
[EventDate "2010.04.18"]

1. d4 d5 2. Bf4 Nf6 3. e3 g6 4. Nf3 Bg7 5. Nbd2 O-O 6. Be2 Nh5 7. Bg5 f6 8. Bh4
g5 9. Nxg5 fxg5 10. Bxh5 gxh4 11. Nf3 h3 12. gxh3 Bxh3 13. Rg1 Kh8 14. Ng5 Qd7
15. Bg4 Bxg4 16. Rxg4 Qf5 17. f4 h6 18. Nh3 Nc6 19. Qe2 Rg8 20. c3 Bf6 21.
Rxg8+ Rxg8 22. Nf2 Rg1+ 0-1

[Event "XXXII C.to Italiano Seniores"]
[Site "Arvier ITA"]
[Date "2010.04.20"]
[Round "3"]
[White "Brugnolo, Paolo"]
[Black "Catalano, Luigi"]
[Result "0-1"]
[WhiteElo "1501"]
[BlackElo "1659"]
[PlyCount "132"]
[EventDate "2010.04.18"]

1. e4 e6 2. d4 d6 3. Nc3 a6 4. Nf3 h6 5. a3 Nd7 6. Bc4 g5 7. Ba2 Bg7 8. O-O Ne7
9. Re1 Ng6 10. Be3 b6 11. d5 e5 12. Ne2 Nf6 13. Ng3 Bg4 14. h3 Bd7 15. Nd2 O-O
16. c4 Qc8 17. Bb1 Nh4 18. b3 Bxh3 19. Nf5 Bxf5 20. exf5 Nxf5 21. Qf3 Nh4 22.
Qg3 Nh5 23. Qh2 Nf6 24. g3 Ng6 25. Ne4 Ng4 26. Qh5 Kh7 27. f3 Nxe3 28. Rxe3 f6
29. Nf2 Qe8 30. Ra2 f5 31. Nh3 Kg8 32. g4 Nf4 33. Qxe8 Raxe8 34. Nxf4 gxf4 35.
Ree2 fxg4 36. fxg4 f3 37. Rh2 Rf4 38. Bf5 e4 39. Be6+ Kf8 40. Kf2 Bd4+ 41. Kg3
Be5 42. Kf2 Kg7 43. Ke3 Ref8 44. Raf2 R4f6 45. Rh1 c5 46. Kxe4 Bd4 47. Rff1 f2
48. Rh3 Rf4+ 49. Kd3 Rf3+ 50. Rxf3 Rxf3+ 51. Ke2 Rxb3 52. Rxf2 Rb2+ 53. Kd3
Rxf2 54. a4 a5 55. Bd7 Rf3+ 56. Ke4 Rc3 57. Bb5 Kf6 58. Kf4 Be5+ 59. Ke4 Kg5
60. Bd7 Rxc4+ 61. Kd3 Rd4+ 62. Ke3 Rxd5 63. Be6 Rd4 64. Bd7 c4 65. Kf3 c3 66.
Ke3 c2 0-1

[Event "XXXII C.to Italiano Seniores"]
[Site "Arvier ITA"]
[Date "2010.04.20"]
[Round "3"]
[White "Caldi, Mario"]
[Black "Colombo, Paolo"]
[Result "0-1"]
[WhiteElo "1819"]
[BlackElo "2119"]
[PlyCount "116"]
[EventDate "2010.04.18"]

1. e4 d6 2. d4 Nf6 3. Nc3 c6 4. Nf3 Bg4 5. Bd3 Nbd7 6. Be3 e5 7. h3 Bh5 8. g4
Bg6 9. Qd2 Be7 10. O-O-O Qc7 11. Nh2 b5 12. f3 Nb6 13. h4 h6 14. g5 hxg5 15.
hxg5 Nfd7 16. Ng4 Bh5 17. Ne2 Nc4 18. Bxc4 bxc4 19. Ng3 g6 20. dxe5 dxe5 21.
Qc3 Rb8 22. a3 Rb7 23. Nxh5 gxh5 24. Nh6 Nb6 25. Bxb6 Bxg5+ 26. Be3 Bxh6 27.
Bxh6 Rxh6 28. Qxc4 Qe7 29. Rhg1 Kf8 30. Rg2 Rd7 31. Rdg1 Qd6 32. Rg8+ Ke7 33.
R8g7 Kf6 34. Qe2 Rg6 35. R7xg6+ fxg6 36. Qg2 Kf7 37. Qg5 Qf6 38. Qg2 Qf4+ 39.
Kb1 Rd6 40. Qf2 Kf6 41. Qxa7 Qxf3 42. Qa4 Rd1+ 43. Rxd1 Qxd1+ 44. Ka2 h4 45.
Qxc6+ Kg5 46. Qc3 Kf4 47. b4 Qf3 48. Qxf3+ Kxf3 49. b5 h3 50. b6 h2 51. b7 h1=Q
52. b8=Q Qd1 53. Qb3+ Kxe4 54. a4 g5 55. a5 Qd2 56. Qd3+ Qxd3 57. cxd3+ Kd5 58.
Kb3 g4 0-1

[Event "XXXII C.to Italiano Seniores"]
[Site "Arvier ITA"]
[Date "2010.04.20"]
[Round "3"]
[White "Cesati Cassin, Giorgio"]
[Black "Acunzo, Domenico"]
[Result "0-1"]
[WhiteElo "1567"]
[BlackElo "1804"]
[PlyCount "72"]
[EventDate "2010.04.18"]

1. e4 e6 2. d4 d5 3. e5 c5 4. c3 Nc6 5. Nf3 Qb6 6. Be2 cxd4 7. cxd4 Nh6 8. Nc3
Nf5 9. Na4 Bb4+ 10. Bd2 Qa5 11. Bc3 b5 12. a3 Bxc3+ 13. Nxc3 b4 14. axb4 Qxb4
15. Bb5 Bb7 16. Bxc6+ Bxc6 17. Qd2 O-O 18. O-O Rfc8 19. Rfc1 Bd7 20. Ne2 Rxc1+
21. Rxc1 Qxd2 22. Nxd2 Bb5 23. g4 Bxe2 24. gxf5 exf5 25. f4 h6 26. h4 Rb8 27.
b3 Rb4 28. Kf2 Bg4 29. Ke3 Rb7 30. Rc6 Bd1 31. Rc3 Kf8 32. Rc8+ Ke7 33. Kd3
Bxb3 34. Rc3 Ba4 35. Rc5 Ke6 36. Ra5 Bc6 0-1

[Event "XXXII C.to Italiano Seniores"]
[Site "Arvier ITA"]
[Date "2010.04.20"]
[Round "3"]
[White "Chiapponi, Paola"]
[Black "Pipitone, Antonio"]
[Result "1/2-1/2"]
[WhiteElo "1735"]
[BlackElo "2088"]
[PlyCount "69"]
[EventDate "2010.04.18"]

1. d4 Nf6 2. c4 g6 3. Nf3 Bg7 4. e3 d6 5. Nc3 O-O 6. Be2 Nbd7 7. Bd2 Re8 8. O-O
e5 9. d5 Nc5 10. b4 Nce4 11. Rc1 b6 12. Qc2 Nxc3 13. Bxc3 Bf5 14. Qb3 Ne4 15.
Ba1 a5 16. a3 axb4 17. axb4 Ra7 18. Bb2 Qe7 19. Ra1 Rea8 20. Rxa7 Rxa7 21. Ra1
Rxa1+ 22. Bxa1 g5 23. Bd3 h5 24. Qc2 g4 25. Ne1 Nxf2 26. Bxf5 g3 27. hxg3 Ng4
28. Bxg4 hxg4 29. Qf5 Qe8 30. Qb1 Qa4 31. e4 Qa3 32. Kh2 Qe3 33. b5 Qh6+ 34.
Kg1 Qe3+ 35. Kh2 1/2-1/2

[Event "XXXII C.to Italiano Seniores"]
[Site "Arvier ITA"]
[Date "2010.04.20"]
[Round "3"]
[White "Gardi, Giuseppe"]
[Black "Rosino, Antonio"]
[Result "1/2-1/2"]
[WhiteElo "2024"]
[BlackElo "2235"]
[PlyCount "50"]
[EventDate "2010.04.18"]

1. d4 Nf6 2. Nf3 g6 3. Nc3 d5 4. Bf4 Bg7 5. Qd2 Bf5 6. Ne5 c6 7. h3 Nbd7 8. g4
Be6 9. f3 Qa5 10. e3 O-O-O 11. Be2 Nxe5 12. Bxe5 Ne8 13. Bxg7 Nxg7 14. O-O-O
Ne8 15. Kb1 Nd6 16. Ne4 Qxd2 17. Nxd6+ Rxd6 18. Rxd2 f6 19. Bd3 Bd7 20. Kc1 e5
21. c3 Re8 22. Re2 Rde6 23. Kd2 Kc7 24. Rhh2 R8e7 25. f4 exf4 1/2-1/2

[Event "XXXII C.to Italiano Seniores"]
[Site "Arvier ITA"]
[Date "2010.04.20"]
[Round "3"]
[White "Giani, Franco"]
[Black "Battaglia, Emanuele"]
[Result "1-0"]
[WhiteElo "1985"]
[BlackElo "1675"]
[PlyCount "85"]
[EventDate "2010.04.18"]

1. e4 c5 2. Bc4 d6 3. d3 Nf6 4. h3 e6 5. Nc3 Be7 6. Nf3 Nc6 7. a3 a6 8. O-O O-O
9. Bd2 Bd7 10. Ba2 Qc7 11. Re1 b5 12. Ne2 a5 13. c3 Rab8 14. Rc1 Qa7 15. Be3
Qc7 16. Qc2 b4 17. cxb4 axb4 18. Nd2 bxa3 19. bxa3 Rb7 20. Rb1 Rfb8 21. d4 Rxb1
22. Rxb1 Rxb1+ 23. Bxb1 cxd4 24. Nxd4 Qb7 25. N2b3 Nxd4 26. Nxd4 e5 27. Ne2 g6
28. Ng3 d5 29. Bg5 d4 30. Ba2 Kg7 31. Bc1 Qa7 32. Qd3 Qa5 33. Kh2 Bb5 34. Qb3
Be8 35. f4 exf4 36. Bxf4 Qxa3 37. e5 Nd7 38. Qd5 Qc5 39. Qa8 g5 40. Qxe8 Nxe5
41. Bxe5+ Qxe5 42. Qxf7+ Kh6 43. Bb1 1-0

[Event "XXXII C.to Italiano Seniores"]
[Site "Arvier ITA"]
[Date "2010.04.20"]
[Round "3"]
[White "Laco, Giuseppe"]
[Black "Cavatorta, Fosco"]
[Result "1-0"]
[WhiteElo "2105"]
[BlackElo "1981"]
[PlyCount "143"]
[EventDate "2010.04.18"]

1. c4 d6 2. d4 Nf6 3. Nc3 Bf5 4. f3 e5 5. e4 exd4 6. Nb5 Bd7 7. Nxd4 Nc6 8.
Nge2 g6 9. Nxc6 bxc6 10. Nc3 Bg7 11. Be3 a5 12. Qd2 O-O 13. Be2 Rb8 14. Rb1 d5
15. e5 Ne8 16. Bg5 f6 17. exf6 Bxf6 18. Bxf6 Nxf6 19. cxd5 Bf5 20. Rd1 cxd5 21.
O-O c6 22. b3 Qb6+ 23. Kh1 Rfe8 24. g4 Bd7 25. Qg5 Kg7 26. Bd3 Qe3 27. Qxe3
Rxe3 28. Na4 Rbe8 29. Kg2 h5 30. h3 hxg4 31. hxg4 Nh7 32. Nc5 Bc8 33. Rh1 Ng5
34. Rdf1 Ne6 35. Nxe6+ R8xe6 36. Rd1 Rf6 37. Rhf1 Rf4 38. Rf2 Kf6 39. Be2 a4
40. Rc1 Bd7 41. Bd1 Re1 42. Rd2 axb3 43. axb3 Kg5 44. Rc5 Re7 45. Kg3 Rb4 46.
Ra5 Kf6 47. Bc2 g5 48. Ra8 Be8 49. Rh2 Rbb7 50. Rh8 Bd7 51. Rh6+ Ke5 52. Rg8
Kd4 53. Rxg5 Re2 54. Bf5 Bxf5 55. Rxf5 c5 56. Rh1 Rxb3 57. Rd1+ Rd3 58. Rxd3+
Kxd3 59. Rxd5+ Kc4 60. Rd8 Kb3 61. g5 Re1 62. Kf4 c4 63. g6 Rg1 64. Kf5 Kb2 65.
Rb8+ Ka2 66. Rc8 Kb3 67. f4 c3 68. Kf6 c2 69. g7 Kb2 70. f5 c1=Q 71. Rxc1 Kxc1
72. Kf7 1-0

[Event "XXXII C.to Italiano Seniores"]
[Site "Arvier ITA"]
[Date "2010.04.20"]
[Round "3"]
[White "Papa, Angelo"]
[Black "Battaggia, Piergiorgio"]
[Result "0-1"]
[WhiteElo "1855"]
[BlackElo "2059"]
[PlyCount "46"]
[EventDate "2010.04.18"]

1. d4 Nf6 2. Nf3 e6 3. e3 d5 4. Bd3 c5 5. b3 Nc6 6. a3 Bd6 7. Bb2 cxd4 8. exd4
O-O 9. O-O b6 10. Ne5 Bb7 11. Nd2 Ne7 12. Qf3 Rc8 13. Qh3 Ng6 14. Nxg6 hxg6 15.
Nf3 Nh5 16. Bxg6 fxg6 17. Qxe6+ Kh7 18. Qh3 Rxc2 19. g4 Bc8 20. Bc1 Rc3 21.
Ng5+ Qxg5 22. Qxh5+ Qxh5 23. gxh5 gxh5 0-1

[Event "XXXII C.to Italiano Seniores"]
[Site "Arvier ITA"]
[Date "2010.04.20"]
[Round "3"]
[White "Pettarini, Renato"]
[Black "Beltrami, Nerio"]
[Result "0-1"]
[WhiteElo "1775"]
[BlackElo "2027"]
[PlyCount "122"]
[EventDate "2010.04.18"]

1. c4 Nf6 2. Nc3 g6 3. e4 d6 4. g3 Bg7 5. Bg2 c5 6. Nge2 Nc6 7. d3 O-O 8. O-O
e5 9. h3 Be6 10. Be3 Nd4 11. f4 Bh6 12. Kh2 Nh5 13. g4 Nxf4 14. Nxf4 Bxf4+ 15.
Bxf4 exf4 16. Rxf4 Qg5 17. Rf2 Qe5+ 18. Kh1 Kg7 19. Qd2 g5 20. Raf1 Rh8 21. Rf5
Bxf5 22. exf5 h6 23. f6+ Kf8 24. Qf2 Re8 25. Be4 h5 26. gxh5 Rxh5 27. Qg2 Qe6
28. Kg1 Qxh3 29. Qxh3 Rxh3 30. Kg2 Rh4 31. Nd5 b5 32. Nc7 Rb8 33. Nxb5 Nxb5 34.
cxb5 Rxb5 35. b3 Ra5 36. a4 Ra6 37. Re1 Rb6 38. Bd5 Rf4 39. Re7 Rxf6 40. Rxa7
Rf5 41. Bc4 Rb4 42. Rd7 Rf6 43. Kg3 Ke8 44. Rc7 Rf5 45. Kg4 Re5 46. Kg3 f6 47.
Rc6 Ke7 48. Rc7+ Kd8 49. Rf7 d5 50. Bb5 f5 51. Rf8+ Ke7 52. Re8+ Kd6 53. Rd8+
Kc7 54. Rd7+ Kc8 55. Rg7 Rxb3 56. Rxg5 c4 57. Kf4 Re7 58. dxc4 dxc4 59. Kxf5 c3
60. Rg1 c2 61. Rc1 Rc7 0-1

[Event "XXXII C.to Italiano Seniores"]
[Site "Arvier ITA"]
[Date "2010.04.20"]
[Round "3"]
[White "Piazza, Giacomo"]
[Black "Neri, Angelo"]
[Result "1-0"]
[WhiteElo "1634"]
[BlackElo "1930"]
[PlyCount "83"]
[EventDate "2010.04.18"]

1. Nf3 d5 2. c4 c6 3. e3 Nf6 4. b3 e6 5. Bb2 Bd6 6. a3 Qe7 7. d3 e5 8. c5 Bc7
9. b4 O-O 10. Nbd2 Re8 11. h3 b6 12. Qc2 bxc5 13. bxc5 Nbd7 14. Nb3 a5 15. a4
Ba6 16. Be2 Rab8 17. g4 Kh8 18. g5 Ng8 19. h4 f5 20. Rg1 Nxc5 21. Nxc5 Rxb2 22.
Qxb2 Qxc5 23. d4 Qa7 24. h5 Bxe2 25. Qxe2 e4 26. Nh4 Ne7 27. Rh1 Bd6 28. Ng6+
Kg8 29. Ne5 Qb8 30. Nd7 Qb4+ 31. Kf1 Kf7 32. g6+ hxg6 33. hxg6+ Ke6 34. Nc5+
Bxc5 35. dxc5 Qxc5 36. Qb2 Qc4+ 37. Kg2 d4 38. Rac1 Qd5 39. Rhd1 c5 40. exd4
e3+ 41. f3 f4 42. Rxc5 1-0

[Event "XXXII C.to Italiano Seniores"]
[Site "Arvier ITA"]
[Date "2010.04.20"]
[Round "3"]
[White "Placchetta, Omero"]
[Black "Lisandri, Luigi"]
[Result "1-0"]
[WhiteElo "1668"]
[BlackElo "1488"]
[PlyCount "75"]
[EventDate "2010.04.18"]

1. e4 e5 2. Nf3 Nf6 3. Nxe5 d6 4. Nf3 Nxe4 5. d3 Nf6 6. Bg5 Be7 7. Bxf6 Bxf6 8.
c3 O-O 9. Be2 Re8 10. O-O Bd7 11. Nbd2 d5 12. Re1 Re7 13. Qb3 b6 14. Qxd5 Nc6
15. Qb3 Be6 16. Qc2 Rd7 17. d4 a6 18. Bd3 g6 19. Ne4 Bd5 20. Nxf6+ Qxf6 21. Re3
b5 22. Rae1 Kf8 23. Be4 Ne7 24. Ne5 Rd6 25. Bxd5 Nxd5 26. Rf3 Nf4 27. Qe4 Re8
28. Rxf4 Qxf4 29. Qxf4 f5 30. Qh6+ Kg8 31. h4 Rde6 32. Kf1 c5 33. Nf3 Rxe1+ 34.
Nxe1 cxd4 35. cxd4 Re4 36. Nf3 b4 37. Qc1 Re8 38. Qc4+ 1-0

[Event "XXXII C.to Italiano Seniores"]
[Site "Arvier ITA"]
[Date "2010.04.20"]
[Round "3"]
[White "Quagliarella, Sabino Remo"]
[Black "Rotelli, Pietro"]
[Result "1-0"]
[WhiteElo "1916"]
[BlackElo "1993"]
[PlyCount "111"]
[EventDate "2010.04.18"]

1. d4 d5 2. c4 c6 3. e3 Nf6 4. Nc3 g6 5. Nf3 Bg7 6. cxd5 Nxd5 7. Nxd5 cxd5 8.
Bb5+ Bd7 9. Bxd7+ Nxd7 10. O-O O-O 11. Bd2 Re8 12. Qb3 Nb6 13. Ba5 e6 14. Rac1
Qd6 15. Bxb6 Qxb6 16. Qxb6 axb6 17. a3 Rec8 18. Nd2 Rc6 19. Rxc6 bxc6 20. Rc1
c5 21. Nf3 c4 22. Kf1 b5 23. Ke2 Ra4 24. Kd2 b4 25. axb4 Rxb4 26. Kc2 Ra4 27.
Kb1 f6 28. Nd2 e5 29. b3 Rb4 30. Kc2 exd4 31. exd4 Bh6 32. bxc4 dxc4 33. Rd1
Bxd2 34. Rxd2 Rb3 35. d5 Kf7 36. Rd4 Ra3 37. Rxc4 Ra2+ 38. Kd3 Rxf2 39. Rc7+
Ke8 40. Rxh7 Rxg2 41. Kd4 Ra2 42. d6 Rd2+ 43. Kc5 Rc2+ 44. Kd5 Rd2+ 45. Ke6 Kf8
46. Rf7+ Kg8 47. Rxf6 Re2+ 48. Kd7 Kg7 49. Re6 Rxh2 50. Ke7 Rh7 51. d7 Kh6+ 52.
Kd6 Rxd7+ 53. Kxd7 Kh5 54. Re1 g5 55. Ke6 Kg4 56. Kf6 1-0

[Event "XXXII C.to Italiano Seniores"]
[Site "Arvier ITA"]
[Date "2010.04.20"]
[Round "3"]
[White "Renzini, Lorenzo"]
[Black "Centofante, Maria Rosa"]
[Result "1-0"]
[WhiteElo "1746"]
[BlackElo "1585"]
[PlyCount "130"]
[EventDate "2010.04.18"]

1. c4 Nf6 2. Nc3 c6 3. Nf3 d5 4. cxd5 cxd5 5. d4 a6 6. g3 Bf5 7. Bg2 e6 8. O-O
Bd6 9. Nd2 Nc6 10. e4 dxe4 11. Ndxe4 Nxe4 12. Nxe4 Be7 13. Be3 O-O 14. a3 Rc8
15. Nc3 Na5 16. b4 Rxc3 17. bxa5 Rxa3 18. Rxa3 Bxa3 19. Qa4 Bd6 20. Bxb7 Qc7
21. Bg2 Rb8 22. Rc1 Qe7 23. d5 h6 24. Bb6 Bd3 25. Bf1 Bxf1 26. Kxf1 exd5 27.
Re1 Qb7 28. Kg2 Rc8 29. Qd4 Rc4 30. Qd3 Rc8 31. Rd1 Bc7 32. Qxd5 Qb8 33. Qc6
Bxg3 34. Rd8+ Rxd8 35. Bxd8 Bxf2 36. Kxf2 Qxd8 37. Qxa6 Qd4+ 38. Ke1 f5 39.
Qc8+ Kh7 40. Qxf5+ Kg8 41. Qc8+ Kf7 42. Qc7+ Kg8 43. Qb6 Qa1+ 44. Kd2 g5 45.
Qb8+ Kg7 46. Qb7+ Kg6 47. a6 Qa5+ 48. Ke3 Qc5+ 49. Kd3 Qd6+ 50. Kc4 Qxh2 51. a7
Qc2+ 52. Kb5 Qb2+ 53. Kc6 Qc3+ 54. Kd7 Qg7+ 55. Kc8 Qf8+ 56. Kc7 Qe7+ 57. Kb8
Qd8+ 58. Qc8 Qd6+ 59. Qc7 Qf8+ 60. Kb7 Qb4+ 61. Qb6+ Qxb6+ 62. Kxb6 g4 63. a8=Q
Kg5 64. Qd5+ Kh4 65. Qg2 h5 1-0

[Event "XXXII C.to Italiano Seniores"]
[Site "Arvier ITA"]
[Date "2010.04.20"]
[Round "3"]
[White "Squarci, Franco"]
[Black "Levato, Biagio"]
[Result "1-0"]
[WhiteElo "1795"]
[BlackElo "1539"]
[PlyCount "165"]
[EventDate "2010.04.18"]

1. Nf3 Nc6 2. d4 d5 3. Nbd2 Nf6 4. e3 Bf5 5. Bb5 Bd7 6. O-O a6 7. Bd3 Nb4 8.
Be2 Bf5 9. Ne1 Qd7 10. c3 Nc6 11. Nd3 e6 12. b4 Bd6 13. Nc5 Qc8 14. g4 Bg6 15.
h4 h6 16. h5 Bh7 17. f4 b6 18. Nd3 Ne4 19. Nxe4 Bxe4 20. Ne5 Nxe5 21. fxe5 Be7
22. Bf3 Bxf3 23. Qxf3 O-O 24. e4 c6 25. Bd2 Qd8 26. Rf2 c5 27. exd5 Qxd5 28.
Qxd5 exd5 29. Raf1 Rac8 30. a3 cxd4 31. cxd4 Rc4 32. Be3 Rc3 33. Bc1 Rd3 34.
Kg2 Bg5 35. Bb2 Bh4 36. Rf3 Rd2+ 37. Kh3 Bg5 38. Bc1 Rxd4 39. Bxg5 hxg5 40. Rf5
Rd3+ 41. R1f3 Rxf3+ 42. Rxf3 Re8 43. Rf5 d4 44. Rf3 Rxe5 45. Rd3 Re4 46. Kg3
Kf8 47. a4 Ke7 48. b5 a5 49. Rf3 f6 50. Rf1 Ke6 51. Rc1 Re3+ 52. Kf2 Rc3 53.
Re1+ Kd7 54. Re4 Rc4 55. Ke2 Rxa4 56. Kd3 Rb4 57. Re1 Rb3+ 58. Kc4 Rb4+ 59. Kd3
Rxb5 60. Rh1 Rb3+ 61. Ke4 Rg3 62. Kf5 d3 63. Kg6 Rxg4 64. Rd1 a4 65. Rxd3+ Kc6
66. Kxg7 b5 67. Rh3 a3 68. Rxa3 Rh4 69. Kg6 g4 70. Ra6+ Kc5 71. Rxf6 Rxh5 72.
Kxh5 g3 73. Rf5+ Kb6 74. Rg5 b4 75. Rxg3 Kb5 76. Kg4 Kc4 77. Kf3 Kc3 78. Ke2+
Kc2 79. Rg4 b3 80. Rc4+ Kb1 81. Kd2 b2 82. Rb4 Ka2 83. Kc2 1-0

[Event "XXXII C.to Italiano Seniores"]
[Site "Arvier ITA"]
[Date "2010.04.20"]
[Round "3"]
[White "Viola, Mario"]
[Black "De Polzer, Manfredi"]
[Result "1-0"]
[WhiteElo "2065"]
[BlackElo "1795"]
[PlyCount "87"]
[EventDate "2010.04.18"]

1. d4 d5 2. Nf3 Nf6 3. Nc3 c6 4. g3 Nbd7 5. Bg2 e6 6. a3 Bd6 7. e4 dxe4 8. Ng5
O-O 9. Ngxe4 Qc7 10. Nxd6 Qxd6 11. O-O Re8 12. Be3 Nd5 13. Ne4 Qf8 14. Bd2 a5
15. c4 N5f6 16. Nc3 Qd6 17. Be3 Qb8 18. Re1 Ra6 19. Qc2 Qa8 20. a4 Qb8 21. Rad1
Nb6 22. b3 Bd7 23. Bg5 Qd8 24. Ne4 Rf8 25. Nxf6+ gxf6 26. Bh4 Kh8 27. Qd2 Rg8
28. Be4 Rg5 29. Bc2 Ra8 30. Re5 Qe7 31. f4 Rg7 32. Rh5 Rag8 33. Qd3 Rg6 34. Re1
Qd8 35. Qf3 Bc8 36. Rd1 Nd7 37. f5 Rg5 38. Bxg5 fxg5 39. fxe6 Nf8 40. Qxf7 Rg7
41. e7 Rxf7 42. exd8=Q Bg4 43. Rxh7+ Rxh7 44. Qxf8# 1-0

[Event "XXXII C.to Italiano Seniores"]
[Site "Arvier ITA"]
[Date "2010.04.21"]
[Round "4"]
[White "Acunzo, Domenico"]
[Black "Giani, Franco"]
[Result "0-1"]
[WhiteElo "1804"]
[BlackElo "1985"]
[PlyCount "66"]
[EventDate "2010.04.18"]

1. e4 c5 2. Nf3 Nc6 3. c3 g6 4. d4 cxd4 5. cxd4 a6 6. a4 Bg7 7. Nc3 d6 8. Be2
Bg4 9. d5 Na7 10. Be3 Nf6 11. Nd4 Bd7 12. O-O O-O 13. f4 b5 14. axb5 Nxb5 15.
Ndxb5 axb5 16. e5 Rxa1 17. Qxa1 dxe5 18. fxe5 Ng4 19. Bxg4 Bxg4 20. h3 Bf5 21.
g4 Bd3 22. Rd1 Bc4 23. d6 Bxe5 24. dxe7 Qxe7 25. Bf2 Qb7 26. Qb1 Re8 27. Re1
Qf3 28. Ne4 Qxh3 29. Nf6+ Kh8 30. Rxe5 Rxe5 31. Bd4 Qg3+ 32. Kh1 Qf3+ 33. Kg1
Qxf6 0-1

[Event "XXXII C.to Italiano Seniores"]
[Site "Arvier ITA"]
[Date "2010.04.21"]
[Round "4"]
[White "Battaggia, Piergiorgio"]
[Black "Gardi, Giuseppe"]
[Result "1/2-1/2"]
[WhiteElo "2059"]
[BlackElo "2024"]
[PlyCount "37"]
[EventDate "2010.04.18"]

1. d4 d6 2. c4 Nf6 3. Nf3 g6 4. Nc3 Bg7 5. e4 O-O 6. Be2 Nbd7 7. O-O e5 8. Re1
c6 9. Bf1 Nh5 10. Be3 Nf4 11. g3 Ne6 12. d5 cxd5 13. cxd5 Nc7 14. Qd2 a5 15.
Rac1 Na6 16. Na4 b6 17. Bh6 Nac5 18. Bxg7 Kxg7 19. Nc3 1/2-1/2

[Event "XXXII C.to Italiano Seniores"]
[Site "Arvier ITA"]
[Date "2010.04.21"]
[Round "4"]
[White "Battaglia, Emanuele"]
[Black "Pipitone, Antonio"]
[Result "0-1"]
[WhiteElo "1675"]
[BlackElo "2088"]
[PlyCount "72"]
[EventDate "2010.04.18"]

1. d4 Nf6 2. c4 g6 3. Nc3 Bg7 4. e4 d6 5. Nf3 O-O 6. Be2 Nbd7 7. O-O Re8 8. h3
e5 9. d5 Nc5 10. Qc2 a5 11. Be3 Ncd7 12. a3 b6 13. b4 h6 14. bxa5 Rxa5 15. Rfb1
Ba6 16. Rb4 Qa8 17. Ra4 Rxa4 18. Qxa4 Bb7 19. Qxa8 Rxa8 20. Bd3 Ne8 21. a4 f5
22. Ra2 f4 23. Bc1 Nc5 24. Bc2 Ba6 25. Nb5 Bxb5 26. cxb5 Nf6 27. Nd2 g5 28. f3
h5 29. Nc4 g4 30. hxg4 hxg4 31. fxg4 Nfxe4 32. Kh2 Nc3 33. Ra3 Nxd5 34. a5 bxa5
35. Rxa5 Rxa5 36. Nxa5 Nc3 0-1

[Event "XXXII C.to Italiano Seniores"]
[Site "Arvier ITA"]
[Date "2010.04.21"]
[Round "4"]
[White "Beltrami, Nerio"]
[Black "Caldi, Mario"]
[Result "1-0"]
[WhiteElo "2027"]
[BlackElo "1819"]
[PlyCount "117"]
[EventDate "2010.04.18"]

1. e4 e5 2. Nf3 Nc6 3. Bb5 a6 4. Ba4 Nf6 5. d3 d6 6. c3 Be7 7. O-O O-O 8. h3 b5
9. Bc2 Bb7 10. Nbd2 d5 11. d4 exd4 12. e5 Ne4 13. cxd4 Na5 14. Re1 Ng5 15. Nxg5
Bxg5 16. Nf3 Be7 17. Qd3 g6 18. a3 Bc8 19. Qc3 c6 20. b3 Bd7 21. Bd2 Nb7 22. b4
a5 23. Bh6 Re8 24. Nd2 Bg5 25. Bxg5 Qxg5 26. Nf3 Qh5 27. Qe3 Nd8 28. Kh2 f5 29.
Nd2 Ne6 30. f4 g5 31. Bxf5 gxf4 32. Bxe6+ Bxe6 33. Qxf4 Rf8 34. Qe3 Kh8 35. Nb3
axb4 36. axb4 Rxa1 37. Rxa1 Qf5 38. Nc5 Re8 39. Ra7 Rg8 40. Ra2 Qg6 41. Rf2 Bf5
42. Re2 Be6 43. Qf3 Kg7 44. Rf2 Bf7 45. Qf6+ Qxf6 46. Rxf6 Be8 47. Ne6+ Kh8 48.
Nd8 Rg5 49. Rf8+ Rg8 50. Rxg8+ Kxg8 51. Kg3 Kg7 52. Kf4 Kg6 53. g4 h6 54. h4
Bd7 55. e6 Be8 56. g5 hxg5+ 57. hxg5 Kg7 58. Ke5 Kf8 59. Kd6 1-0

[Event "XXXII C.to Italiano Seniores"]
[Site "Arvier ITA"]
[Date "2010.04.21"]
[Round "4"]
[White "Catalano, Luigi"]
[Black "Pettarini, Renato"]
[Result "0-1"]
[WhiteElo "1659"]
[BlackElo "1775"]
[PlyCount "128"]
[EventDate "2010.04.18"]

1. e4 c6 2. Nf3 d5 3. exd5 cxd5 4. d4 Nc6 5. c3 Bg4 6. h3 Bh5 7. Be2 e6 8. Ng5
Bxe2 9. Qxe2 Be7 10. Nf3 Nf6 11. Nbd2 O-O 12. O-O Rc8 13. Re1 Ne8 14. Ne5 Nd6
15. Rb1 b5 16. b4 a5 17. a3 a4 18. Bb2 Nxe5 19. dxe5 Nc4 20. Nxc4 Rxc4 21. Rbd1
Qc7 22. g3 Rc8 23. Rc1 Qb6 24. Kg2 Qb7 25. f3 Bd8 26. h4 Bb6 27. Qd3 R8c6 28.
Rcd1 Qc7 29. f4 g6 30. Rb1 Ba7 31. Kh3 Re4 32. Qxb5 Rxc3 33. Bxc3 Qxc3 34. Rbc1
Qxa3 35. Rc8+ Kg7 36. Qe8 Qxb4 37. Rc7 Rxf4 38. Rxa7 Qb3 39. Re4 Rf3 40. Rxf7+
Rxf7 41. Rxa4 Qd1 42. Ra2 Qh1+ 43. Rh2 Qf1+ 44. Rg2 Qf5+ 45. Kh2 Qxe5 46. Qb5
Qf5 47. Qc5 Qe4 48. Qa5 e5 49. Qb5 Qd4 50. Qe8 e4 51. Qe6 e3 52. Kh3 Qd3 53.
Qe5+ Kf8 54. Qd6+ Ke8 55. Qb8+ Ke7 56. Qb7+ Ke6 57. Qc8+ Kf6 58. Qd8+ Kg7 59.
Qg5 Qf5+ 60. Qxf5 Rxf5 61. g4 Re5 62. h5 e2 63. g5 gxh5 64. Kh4 e1=Q+ 0-1

[Event "XXXII C.to Italiano Seniores"]
[Site "Arvier ITA"]
[Date "2010.04.21"]
[Round "4"]
[White "Cavatorta, Fosco"]
[Black "Piazza, Giacomo"]
[Result "1-0"]
[WhiteElo "1981"]
[BlackElo "1634"]
[PlyCount "65"]
[EventDate "2010.04.18"]

1. d4 g6 2. e4 Bg7 3. Nc3 d6 4. Nf3 Nd7 5. Be3 e6 6. Qd2 h6 7. Be2 Ne7 8. h3 b6
9. a4 a6 10. O-O Bb7 11. Nh2 g5 12. f4 gxf4 13. Rxf4 Ng6 14. Rf2 Nf6 15. Raf1
Bxe4 16. Rxf6 Bxg2 17. Rxf7 Bxf1 18. Rxg7 Qf6 19. Rxg6 Qxg6+ 20. Kxf1 Qg3 21.
Bf3 Rf8 22. Qg2 Qh4 23. Qg6+ Ke7 24. Qxh6 Qg3 25. Qg5+ Qxg5 26. Bxg5+ Kd7 27.
Ke2 d5 28. Ng4 Rf5 29. h4 b5 30. Ne5+ Kc8 31. Bg4 b4 32. Bxf5 bxc3 33. Bxe6+
1-0